000 00712nam a2200205 i 4500
001 77624
003 ES-MaACL
005 20230906173315.0
007 t|
008 041027s2003 pr ||||1| spa d
020 _a0-8477-0140-9
080 _a337.729
100 1 _aBenetti, Raffaelo.
_927550
245 1 0 _aSurvival of weak countries in the face of globalization
_b: Puerto Rico and the Caribbean /
_cRaffaello Benetti.
250 _a1ª ed.
260 _aSan Juan de Puerto Rico :
_bUniversidad de Puerto Rico,
_c2003.
300 _aXIII, 137 p. ;
_c28 cm.
651 4 _aPuerto Rico-
_xRelaciones económicas-
_zCaribe.
_99290
852 _aES-MaACL
_jE-10155
_bR.134391
999 _c77624
_d77624